Die katholischsten Länder Europas - Statistiken

Allgemein
  • Dieses Quiz wurde 450 mal gespielt
  • Das Durchschnittsergebnis liegt bei 19 aus 22
Antwortstatistiken
Prozent Name des Lands % Korrekt
100% Vatikanstadt
98%
85% Italien
97%
87% Polen
97%
28,9% Deutschland
96%
68% Spanien
96%
ca. 90% Portugal
93%
51,7% Frankreich
92%
57,24% Österreich
92%
92,3% San Marino
91%
35,9% Schweiz
89%
86% Kroatien
88%
73,4% Liechtenstein
88%
90% Monaco
88%
ca. 90% Andorra
87%
57,8% Slowenien
87%
75% Belgien
86%
68,7% Luxemburg
84%
62% Slowakei
84%
39% Ungarn
82%
78,3% Irland
80%
88,6% Malta
77%
77% Litauen
59%
Keine übereinstimmenden Quizze gefunden
Verteilung der Resultate
Anzahl Personen mit jedem Resultat
Perzentil nach korrekt beantworteten Fragen
Ihre Resultats-Entwicklung
Sie haben dieses Quiz noch nicht gespielt